| 000 | 00000cam 2200000zi 4500 |
| 001 | 9.958347 |
| 003 | CaOODSP |
| 005 | 20260604110403 |
| 006 | m o d f |
| 007 | cr ||||||||||| |
| 008 | 251217e20260304onc ob f000 0 eng d |
| 020 | |a9780660977409 |
| 040 | |aCaOODSP|beng|erda|cCaOODSP |
| 043 | |an-cn--- |
| 086 | 1 |aH139-98/2026E-PDF |
| 245 | 00|aGUI-0031 : |bgood manufacturing practices for medical gases. |
| 246 | 13|aGood manufacturing practices for medical gases |
| 264 | 1|a[Ottawa] : |bHealth Canada = Santé Canada, |cMarch 4, 2026. |
| 264 | 4|c©2026 |
| 300 | |a1 online resource (65 pages) |
| 336 | |atext|btxt|2rdacontent |
| 337 | |acomputer|bc|2rdamedia |
| 338 | |aonline resource|bcr|2rdacarrier |
| 500 | |aIssued also in French under title: GUI-0031 : bonnes pratiques de fabrication des gaz médicaux. |
| 500 | |a"Replaces: Good manufacturing practices for medical gases (GUI-0031) (February 28, 2018)." |
| 504 | |aIncludes bibliographical references (page 65). |
| 650 | 0|aGases|xTherapeutic use|zCanada. |
| 650 | 0|aManufacturing processes|zCanada. |
| 710 | 1 |aCanada. |bHealth Canada, |eissuing body. |
| 775 | 08|tGUI-0031 : |w(CaOODSP)9.958348 |
| 856 | 40|qPDF|s568 KB|uhttps://publications.gc.ca/collections/collection_2026/sc-hc/H139-98-2026-eng.pdf |
| 856 | 4 |qHTML|sN/A|uhttps://www.canada.ca/en/health-canada/services/drugs-health-products/compliance-enforcement/good-manufacturing-practices/guidance-documents/medical-gases.html |
| 986 | |a250403 |